Normal view MARC view

Entry Topical Term

Number of records used in: 1

001 - CONTROL NUMBER

  • control field: 241736

003 - CONTROL NUMBER IDENTIFIER

  • control field: OSt

005 - DATE AND TIME OF LATEST TRANSACTION

  • control field: 20251008112849.0

008 - FIXED-LENGTH DATA ELEMENTS

  • fixed length control field: 251008|| aca||aabn | a|a d

040 ## - CATALOGING SOURCE

  • Original cataloging agency: OSt
  • Transcribing agency: OSt

150 ## - HEADING--TOPICAL TERM

  • Topical term or geographic name entry element: Ranganatha Rav Kailasam vichara

670 ## - SOURCE DATA FOUND

  • Source citation: Work cat.: (OSt)114434: SHIVARAM (Em). ಶಿವರಾಂ (ಎಂ ) 241735, Kailasam mattu nanu., 2000